Archivos fotográficos : (Registro nro. 6158)
[ vista simple ]
| 000 -LEADER | |
|---|---|
| fixed length control field | 01138nam a2200241Ia 4500 |
| 003 - CONTROL NUMBER IDENTIFIER | |
| control field | OSt |
| 005 - DATE AND TIME OF LATEST TRANSACTION | |
| control field | 20210120080422.0 |
| 008 - FIXED-LENGTH DATA ELEMENTS--GENERAL INFORMATION | |
| fixed length control field | 191128t1995 ck ao gr 000 0 spa d |
| 020 ## - INTERNATIONAL STANDARD BOOK NUMBER | |
| International Standard Book Number | 9589298370 |
| 040 ## - CATALOGING SOURCE | |
| Original cataloging agency | CO-JMCR |
| Transcribing agency | CO-JMCR |
| 041 0# - LANGUAGE CODE | |
| Language code of text/sound track or separate title | spa |
| 082 04 - DEWEY DECIMAL CLASSIFICATION NUMBER | |
| Classification number | 025.1714 / |
| Item number | C133a |
| Edition number | 23 |
| 100 1# - MAIN ENTRY--PERSONAL NAME | |
| Personal name | Caicedo Santacruz, Jorge, |
| Relator term | autor |
| 9 (RLIN) | 10253 |
| 245 10 - TITLE STATEMENT | |
| Title | Archivos fotográficos : |
| Remainder of title | pautas para su organización / |
| Statement of responsibility, etc. | Jorge Caicedo Santacruz |
| 260 ## - PUBLICATION, DISTRIBUTION, ETC. | |
| Place of publication, distribution, etc. | Bogotá : |
| Name of publisher, distributor, etc. | Archivo General de la Nación, |
| Date of publication, distribution, etc. | ©1995 |
| 300 ## - PHYSICAL DESCRIPTION | |
| Extent | 65 páginas : |
| Other physical details | ilustraciones a blanco y negro ; |
| Dimensions | 28 cm. |
| 504 ## - BIBLIOGRAPHY, ETC. NOTE | |
| Bibliography, etc. note | Bibliografía: páginas 63-65 |
| 505 0# - FORMATTED CONTENTS NOTE | |
| Formatted contents note | Breve historia de la fotografía -- Interpretación de la fotográfia -- El documento fotográfico -- Archivos fotográficos -- Instrumentos de control y consulta -- Local y conservación de materiales |
| 520 3# - SUMMARY, ETC. | |
| Summary, etc. | La información proporcionada por la fotografía es una fuente copiosa y definitiva para el conocimiento de los países y de la historia universal contemporánea. |
| 650 14 - SUBJECT ADDED ENTRY--TOPICAL TERM | |
| Topical term or geographic name entry element | Archivos fotográficos |
| General subdivision | historia |
| 9 (RLIN) | 10254 |
| 650 14 - SUBJECT ADDED ENTRY--TOPICAL TERM | |
| Topical term or geographic name entry element | Fotografías (archivos) |
| 9 (RLIN) | 10255 |
| 942 ## - ADDED ENTRY ELEMENTS (KOHA) | |
| Source of classification or shelving scheme | Dewey Decimal Classification |
| Koha item type | Books |
| Withdrawn status | Lost status | Source of classification or shelving scheme | Damaged status | Not for loan | Collection code | Home library | Current library | Date acquired | Source of acquisition | Total Checkouts | Full call number | Barcode | Date last seen | Date last checked out | Copy number | Koha item type |
|---|---|---|---|---|---|---|---|---|---|---|---|---|---|---|---|---|
| Dewey Decimal Classification | Non-fiction | Biblioteca Pública José María del Castillo y Rada | Biblioteca Pública José María del Castillo y Rada | 04/15/2019 | Donación | 1 | 025.1714 / C133a | 430012201 | 05/16/2024 | 01/30/2024 | Ej.1 | Books |